| 000 -LEADER |
| fixed length control field |
01875cam a2200397 a 4500 |
| 001 - CONTROL NUMBER |
| control field |
15185814 |
| 005 - DATE AND TIME OF LATEST TRANSACTION |
| control field |
20221011114959.0 |
| 008 - FIXED-LENGTH DATA ELEMENTS--GENERAL INFORMATION |
| fixed length control field |
080219s2008 njuab b 001 0 eng |
| 010 ## - LIBRARY OF CONGRESS CONTROL NUMBER |
| LC control number |
2008007563 |
| 015 ## - NATIONAL BIBLIOGRAPHY NUMBER |
| National bibliography number |
GBA896088 |
| Source |
bnb |
| 016 7# - NATIONAL BIBLIOGRAPHIC AGENCY CONTROL NUMBER |
| Record control number |
014685650 |
| Source |
Uk |
| 020 ## - INTERNATIONAL STANDARD BOOK NUMBER |
| International Standard Book Number |
9780691136080 (cloth : alk. paper) |
| 020 ## - INTERNATIONAL STANDARD BOOK NUMBER |
| International Standard Book Number |
0691136084 (cloth : alk. paper) |
| 020 ## - INTERNATIONAL STANDARD BOOK NUMBER |
| International Standard Book Number |
9780691136097 (pbk. : alk. paper) |
| 020 ## - INTERNATIONAL STANDARD BOOK NUMBER |
| International Standard Book Number |
0691136092 (pbk. : alk. paper) |
| 035 ## - SYSTEM CONTROL NUMBER |
| System control number |
(OCoLC)ocn196312119 |
| 035 ## - SYSTEM CONTROL NUMBER |
| System control number |
(OCoLC)196312119 |
| 040 ## - CATALOGING SOURCE |
| Original cataloging agency |
DLC |
| Transcribing agency |
DLC |
| Modifying agency |
DLC |
| 043 ## - GEOGRAPHIC AREA CODE |
| Geographic area code |
a-cc--- |
| 050 00 - LIBRARY OF CONGRESS CALL NUMBER |
| Classification number |
DS737 |
| Item number |
.F73 2008 |
| 082 00 - DEWEY DECIMAL CLASSIFICATION NUMBER |
| Classification number |
327.51 |
| Author Mark |
FRA |
| 100 1# - MAIN ENTRY--PERSONAL NAME |
| Personal name |
Fravel, M. Taylor, |
| Dates associated with a name |
1971- |
| 9 (RLIN) |
99831 |
| 245 10 - TITLE STATEMENT |
| Title |
Strong borders, secure nation : |
| Remainder of title |
cooperation and conflict in China's territorial disputes / |
| Statement of responsibility, etc. |
M. Taylor Fravel. |
| 260 ## - PUBLICATION, DISTRIBUTION, ETC. |
| Place of publication, distribution, etc. |
Princeton : |
| Name of publisher, distributor, etc. |
Princeton University Press, |
| Date of publication, distribution, etc. |
c2008. |
| 300 ## - PHYSICAL DESCRIPTION |
| Extent |
xvi, 376 p. : |
| Other physical details |
ill., maps ; |
| Dimensions |
24 cm. |
| 440 #0 - SERIES STATEMENT/ADDED ENTRY--TITLE |
| Title |
Princeton studies in international history and politics |
| 9 (RLIN) |
99832 |
| 504 ## - BIBLIOGRAPHY, ETC. NOTE |
| Bibliography, etc. note |
Includes bibliographical references (p. [335]-361) and index. |
| 505 0# - FORMATTED CONTENTS NOTE |
| Formatted contents note |
Introduction -- Cooperation and escalation in territorial disputes -- Cooperation in frontier disputes in the 1960s -- Cooperation in frontier disputes in the 1990s -- Escalation in frontier disputes -- Homeland disputes -- Offshore island disputes -- Conclusion -- Appendix: origins of China's territorial disputes -- Bibliography -- Index. |
| 651 #0 - SUBJECT ADDED ENTRY--GEOGRAPHIC NAME |
| Geographic name |
China |
| General subdivision |
Boundaries. |
| 9 (RLIN) |
99833 |
| 651 #0 - SUBJECT ADDED ENTRY--GEOGRAPHIC NAME |
| Geographic name |
China |
| General subdivision |
Foreign relations |
| Chronological subdivision |
1949- |
| 9 (RLIN) |
99834 |
| 651 #0 - SUBJECT ADDED ENTRY--GEOGRAPHIC NAME |
| Geographic name |
China |
| General subdivision |
Politics and government |
| Chronological subdivision |
1949- |
| 9 (RLIN) |
12517 |
| 856 41 - ELECTRONIC LOCATION AND ACCESS |
| Materials specified |
Table of contents only |
| Uniform Resource Identifier |
<a href="http://www.loc.gov/catdir/toc/ecip0811/2008007563.html">http://www.loc.gov/catdir/toc/ecip0811/2008007563.html</a> |
| 906 ## - LOCAL DATA ELEMENT F, LDF (RLIN) |
| a |
7 |
| b |
cbc |
| c |
orignew |
| d |
1 |
| e |
ecip |
| f |
20 |
| g |
y-gencatlg |
| 942 ## - ADDED ENTRY ELEMENTS (KOHA) |
| Source of classification or shelving scheme |
|
| Koha item type |
Book |